LEADER 00774nam0-22002891i-450- 001 990000493230403321 005 20080618161135.0 035 $a000049323 035 $aFED01000049323 035 $a(Aleph)000049323FED01 035 $a000049323 100 $a20020821d1969----km-y0itay50------ba 101 0 $aeng 105 $aa-------001yy 200 1 $aComputer sorting$fIvan Flores 210 $aEnglewood Cliffs, N. J.$cPrentice-Hall$d©1969 215 $a237 p.$cill.$d24 cm 610 0 $aElaboratori digitali 676 $a651.8 700 1$aFlores,$bIvan$025370 801 0$aIT$bUNINA$gRICA$2UNIMARC 901 $aBK 912 $a990000493230403321 952 $a10 P.T. 28$bCCE 609$fDINEL 959 $aDINEL 996 $aComputer sorting$9332942 997 $aUNINA LEADER 03020oam 2200577 c 450 001 9910563051103321 005 20240525094506.0 024 7 $a10.3726/b12362 035 $a(CKB)4340000000239170 035 $a(oapen)https://directory.doabooks.org/handle/20.500.12854/34683 035 $a(PH02)9783954795543 035 $a(oapen)doab34683 035 $a(EXLCZ)994340000000239170 100 $a20240525d1990 uy 0 101 0 $ager 135 $aurnnunnnannuu 181 $ctxt$2rdacontent 182 $cc$2rdamedia 183 $acr$2rdacarrier 200 14$aDie Entwicklung analytischer Konstruktionen in der russischen Fachsprache der Mathematik seit dem 18. Jahrhundert$fKaren Reitz 205 $a1st, New ed. 210 $aFrankfurt a.M$cPH02$d1990 215 $a1 online resource (339 p.)$c, EPDF 225 0 $aSpecimina philologiae Slavicae$v30s 300 $aPeter Lang GmbH, Internationaler Verlag der Wissenschaften 311 08$a3-95479-554-X 327 $aFachsprache der Mathematik - Werke russischer mathematischer Literatur - Zur Begriffsbestimmung von Analytismus und analytischer Konstruktion - Ziel und Methode der Untersuchung - Verbale analytische Konstruktionen - Substantivische analystische Konstruktionen - Symbolische analytische Konstruktionen - Adjektivische analytische Konstruktionen - Adverbale analytische Konstruktionen - Pra?positionale analytische Konstruktionen - U?ber die Tendenz zum Analytismus in der russischen Fachsprache der Mathematik 330 $aWenn es um Tendenzen in der neueren russischen Sprache geht, fa?llt recht oft das Wort Analytismus. Eine Entwicklung hin zum Analytismus wird oft als eine der deutlichsten Tendenzen in der russischen Gegenwartssprache genannt. Die Analyse der morpho-syntaktischen und lexiko-semantischen Struktur sowie der funktionalen Charakteristika analytischer K onstruktionen soll Hinweise auf Gru?nde fu?r eine Tendenz zum Analytismus geben. Hauptziel der Untersuchung ist es festzustellen, wie deutlich und bestimmend die Tendenz zum Analytismus fu?r die russische Fachsprache der Mathematik in ihrer Entwicklung seit dem 18. Jahrhundert, das heißt seit dem ersten in Rußland gedruckten Mathematikbuch, der Arithmetik Magnickijs aus dem Jahre 1703, gewesen ist. 606 $alinguistics$2bicssc 610 $aanalytischer 610 $aAnalytismus 610 $aEntwicklung 610 $aFachsprache 610 $aJahrhundert 610 $aKonstruktionen 610 $aLinguistik 610 $aMathematik 610 $aReitz 610 $arussischen 610 $aRussland 610 $aseit 610 $aSlavische Sprachwissenschaft 610 $aSprachtheorie 615 7$alinguistics 700 $aReitz$b Karen$4aut$01298651 801 0$bPH02 801 1$bPH02 906 $aBOOK 912 $a9910563051103321 996 $aDie Entwicklung analytischer Konstruktionen in der russischen Fachsprache der Mathematik seit dem 18. Jahrhundert$93024911 997 $aUNINA